Ciencias Sociales en América Latina y el Caribe 2001-2001

Kaydedildi:
Detaylı Bibliyografya
Müşterek Yazar: CLACSO
Materyal Türü: Metin
Baskı/Yayın Bilgisi: Buenos Aires: CENEDIC. CLACSO
Etiketler: Etiketle
Etiket eklenmemiş, İlk siz ekleyin!

MARC

LEADER 00000 a a2200000 04500
001 29857
003
040
020 |a 950-9231-82-7  
090 |a 194121  |b RECURSO ELECTRONICO  
110 |a CLACSO  
245 |a Ciencias Sociales en América Latina y el Caribe 2001-2001  
260 |a Buenos Aires:   |b CENEDIC. CLACSO  
500 |a También en VHS No. de acceso 0. Debe ser instalado  
999 |c 11869  |d 11869